000 00319nam a2200133Ia 4500
008 210210b1873 xxu||||| |||| 00| 0 eng d
082 _a150/102
100 _aSPENCER, Herbert.
245 _aThe study of sociology.
260 _a
_bNot Mentioned
_c1873
650 _aSociology
690 _aPsychology
906 _a001051
999 _c77567
_d77567